19ος - 20ος αιώνας : σύντομη ιστορία της αρχιτεκτονικής
Saved in:
| Main Author: | |
|---|---|
| Format: | Book |
| Language: | Greek |
| Published: |
Θεσσαλονίκη :
University studio press,
1986
|
| Subjects: | |
| Tags: |
Add Tag
No Tags, Be the first to tag this record!
|
MARC
| LEADER | 00000cam a2200000 i 4500 | ||
|---|---|---|---|
| 001 | 1/16513 | ||
| 008 | 980804s1986 gr | ||| |||| ||gre|| | ||
| 035 | |l 10020222 | ||
| 040 | |a GR-MY-UA |b |e aacr | ||
| 041 | 0 | |a gre | |
| 082 | 0 | |a 724.5 | |
| 100 | 1 | |a Λάββας, Γεώργιος Π., |d 1935-2006. | |
| 245 | 1 | 0 | |a 19ος - 20ος αιώνας : |b σύντομη ιστορία της αρχιτεκτονικής / |c Γιώργος Π. Λάββας |
| 260 | |a Θεσσαλονίκη : |b University studio press, |c 1986 | ||
| 300 | |a 293 σ. |b εικ. | ||
| 650 | 0 | 0 | |a Architecture, Modern |y 19th century. |
| 650 | 0 | 0 | |a Architecture, Modern |y 20th century. |
| 852 | |a INST |b LESVOS |e 19980804 |h 724.5 ΛΑΒ |p 005100013215 |q 005100013215 |t BK |y 0 | ||
| 901 | |a BIBL-1998-3 | ||
| 909 | |a Λ |b 058698 | ||
| 922 | |a 1ΕΛΗ |b 199807 |c ΚΠΣ/ΤΓ |d EMVASIS | ||
| 950 | |a 118-1998-03-23 | ||